000 00753nam a22002292 4500
001 0000020820
005 20151217152222.0
008 111018s xx 000 0 eng d
020 _a0787967653 :
040 _aKABU
_cKABU
100 1 _aVandenbosch, Betty.
_@0000181389
245 1 0 _aDesigning solutions for your business problems :
_ba structured process for managers and consultants /
_cBetty Vandenbosch.
250 _a1st ed.
260 _aSan Francisco :
_bJossey-Bass,
_c2003.
300 _axv, 191 p. +
_e1 CD-ROM.
650 0 _aProblem solving.
_@0000155107
650 0 _aManagement.
_@0000083920
650 0 _aBusiness Consultants.
_@0000150999
908 _a111018
950 _@1
999 _c9518
_d9518